[Event "Polofinale MCR juniorek 2024"]
[Site "Hotel Fit Fun, Ryžovište 427, 512 46 Harrachov v Krkonoších"]
[Date "2024.11.12"]
[Round "4"]
[Board "12"]
[White "Martinkovicová, Nela"]
[Black "Mácová, Markéta"]
[Result "0-1"]
[WhiteElo "1537"]
[BlackElo "1586"]
[PlyCount "68"]
[EventDate "2024.11.09"]
[EventRounds "9"]
[EventCountry "CZE"]

1. c4 Nf6 2. Nc3 g6 3. g3 Bg7 4. Bg2 O-O 5. e3 d6 6. Nge2 e5 7. d4 Nbd7 8. O-O Qe7
9. Qb3 Rb8 10. Nb5 exd4 11. Nexd4 Nc5 12. Qc2 a6 13. Nc3 Re8 14. b4 Ne6 15. Rd1 Nxd4
16. exd4 Bf5 17. Qb2 Qd7 18. c5 d5 19. Qb3 c6 20. Bf4 Rbd8 21. a4 Ne4 22. Nxe4 Bxe4
23. Qc3 Bxg2 24. Kxg2 Re4 25. f3 Re2+ 26. Kf1 Rxh2 27. g4 Rh3 28. Rd3 h5 29. Kg2
hxg4 30. fxg4 Rxd3 31. Qxd3 Qxg4+ 32. Bg3 Qxd4 33. Qxd4 Bxd4 34. Rb1 Re8  0-1

[Event "Polofinale MCR juniorek 2024"]
[Site "Hotel Fit Fun, Ryžovište 427, 512 46 Harrachov v Krkonoších"]
[Date "2024.11.12"]
[Round "5"]
[Board "1"]
[White "Buchtová, Viktorie"]
[Black "Pejrimovská, Viola Ruby"]
[Result "0-1"]
[WhiteElo "1791"]
[BlackElo "1850"]
[PlyCount "0"]
[EventDate "2024.11.09"]
[EventRounds "9"]
[EventCountry "CZE"]

1. e4 c5 2. Nf3 Nc6 3. d4 cxd4 4. Nxd4 Nf6 5. Nc3 e5 6. Ndb5 d6 7. Bg5 a6 8. Na3
b5 9. Nd5 Be7 10. Bxf6 Bxf6 11. c3 Bg5 12. Nc2 O-O 13. Nce3 Bxe3 14. Nxe3 Be6 15.
a4 b4 16. Bc4 Kh8 17. O-O bxc3 18. bxc3 Qc7 19. Nd5 Bxd5 20. exd5 Ne7 21. Qd3 a5
22. Bb5 f5 23. Rfc1 f4 24. c4 Nf5 25. c5 Nd4 26. c6 f3 27. g3 Ne2+ 28. Kh1 Rf6 29.
Re1 Qc8 30. Rxe2 Qh3 31. Rg1 Rh6  0-1

[Event "Polofinale MCR juniorek 2024"]
[Site "Hotel Fit Fun, Ryžovište 427, 512 46 Harrachov v Krkonoších"]
[Date "2024.11.12"]
[Round "5"]
[Board "2"]
[White "Štastná, Martina"]
[Black "Brezíková, Beáta"]
[Result "1/2-1/2"]
[WhiteElo "1948"]
[BlackElo "1757"]
[PlyCount "0"]
[EventDate "2024.11.09"]
[EventRounds "9"]
[EventCountry "CZE"]

1. e4 e5 2. Nc3 Nf6 3. f4 d5 4. fxe5 Nxe4 5. Qf3 Nc6 6. Bb5 Nxc3 7. dxc3 Qh4+ 8.
g3 Qe4+ 9. Qxe4 dxe4 10. Bxc6+ bxc6 11. Ne2 g6 12. Bg5 Bg7 13. Bf6 O-O 14. O-O-O
Re8 15. Nd4 Bb7 16. g4 Bh6+ 17. g5 Bf8 18. c4 a6 19. c3 h5 20. Rhe1 Be7 21. Nb3 Bxf6
22. exf6 Bc8 23. Nd4 Bg4 24. Rd2 c5 25. Nc2 Re5 26. h4 Kf8 27. Ne3 Be6 28. b3 Rc8
29. Nd5 Bxd5 30. Rxd5 Rxd5 31. cxd5 Re8 32. c4 Re5 33. Kd2 Ke8 34. Ke3 Kd7 35. Rf1
c6 36. Rd1 Re8 37. dxc6+ Kxc6 38. Rd5 a5 39. Rd2 a4 40. bxa4 Ra8 41. Kxe4 Rxa4 42.
Kf3 Rxc4 43. Kg3 Rc3+ 44. Kg2 Rc4 45. Kg3 Rc3+ 46. Kg2  1/2-1/2

[Event "Polofinale MCR juniorek 2024"]
[Site "Hotel Fit Fun, Ryžovište 427, 512 46 Harrachov v Krkonoších"]
[Date "2024.11.12"]
[Round "5"]
[Board "3"]
[White "Dominiková, Denisa"]
[Black "Sikorová, Jana"]
[Result "0-1"]
[WhiteElo "1696"]
[BlackElo "1885"]
[PlyCount "0"]
[EventDate "2024.11.09"]
[EventRounds "9"]
[EventCountry "CZE"]

1. e4 g6 2. d4 Bg7 3. Nc3 a6 4. Be3 b5 5. Qd2 Bb7 6. f3 d6 7. O-O-O Nd7 8. h4 h5
9. Nh3 c5 10. Nf2 Ngf6 11. Kb1 Qc7 12. Ne2 Nb6 13. e5 Nc4 14. Qd3 dxe5 15. dxc5 Nd5
16. Bg5 Nb4 17. Qb3 Qxc5 18. Nd3 Nxd3 19. Qxd3 O-O 20. c3 Rfe8 21. Ng3 Qc7 22. Qd7
Rac8 23. Bxc4 bxc4 24. Rhe1 Bf6 25. Bxf6 exf6 26. Ne4 Kg7 27. Qxc7 Bxe4+ 28. Rxe4
Rxc7 29. Rd6 Re6 30. Rd5 Rcc6 31. Kc2 Kf8 32. Re2 Red6 33. Red2 Rxd5 34. Rxd5 Ke7
35. b3 Ke6 36. Ra5 cxb3+ 37. axb3 f5 38. Kd3 Rd6+ 39. Ke3 f6 40. g3 Rb6 41. b4 Kd6
42. Kd3 Kc6 43. Ra4 Kb7 44. Ra1 Rd6+ 45. Ke3 Kb6 46. Ra5 Rc6 47. Kd3 e4+ 48. fxe4
fxe4+ 49. Kd4 f5 50. Ra3 Rd6+ 51. Ke3 Rd3+ 52. Kf2 Rd2+ 53. Ke1 Rd3 54. Kf2 Rd6 55.
c4 Rc6 56. Rc3 a5 57. b5 Re6 58. Ke3 Kc5 59. Rc1 Rd6 60. Kf4 a4 61. Ke5 Rd3 62. Rb1
Rb3 63. Rd1 Kxc4 64. Kf6 Kxb5 65. Kxg6 Rxg3+  0-1

[Event "Polofinale MCR juniorek 2024"]
[Site "Hotel Fit Fun, Ryžovište 427, 512 46 Harrachov v Krkonoších"]
[Date "2024.11.12"]
[Round "5"]
[Board "4"]
[White "Zádrapová, Amálie"]
[Black "Šulcová, Tereza Radmila"]
[Result "1-0"]
[WhiteElo "1882"]
[BlackElo "1879"]
[PlyCount "0"]
[EventDate "2024.11.09"]
[EventRounds "9"]
[EventCountry "CZE"]

1. e4 d6 2. d4 g6 3. c4 Nf6 4. Nc3 Bg7 5. f3 Nc6 6. Be3 e5 7. Nge2 O-O 8. d5 Ne7
9. Qd2 Ne8 10. g4 f5 11. gxf5 gxf5 12. Bg5 f4 13. Rg1 Kf7 14. Nc1 Bf6 15. Bxf6 Nxf6
16. Nd3 a6 17. O-O-O Bd7 18. Kb1 Rg8 19. Be2 Rg6 20. c5 Qg8 21. Qc1 Rc8 22. Nf2 Ra8
23. Bc4 b5 24. cxb6 cxb6 25. Nd3 Qc8 26. Bb3 Kf8 27. Nxf4 exf4 28. Qxf4 Kg7 29. Qxd6
Qd8 30. Qe5 Be8 31. f4 Nc8 32. f5 Rxg1 33. Rxg1+ Kf8 34. Qg3 Ke7 35. e5 Nh5 36. f6+
 1-0

[Event "Polofinale MCR juniorek 2024"]
[Site "Hotel Fit Fun, Ryžovište 427, 512 46 Harrachov v Krkonoších"]
[Date "2024.11.12"]
[Round "5"]
[Board "5"]
[White "Markina, Sofiia"]
[Black "Dudová, Pavlína"]
[Result "1-0"]
[WhiteElo "1834"]
[BlackElo "1823"]
[PlyCount "0"]
[EventDate "2024.11.09"]
[EventRounds "9"]
[EventCountry "CZE"]

1. e4 e6 2. d4 d5 3. Nd2 Nf6 4. e5 Nfd7 5. Bd3 c5 6. c3 b6 7. Ne2 Ba6 8. Bxa6 Nxa6
9. O-O Nc7 10. f4 g6 11. Nf3 c4 12. g4 f5 13. exf6 Nxf6 14. Ne5 Bd6 15. Ng3 Qe7 16.
Qf3 Rf8 17. Bd2 Bxe5 18. dxe5 Nd7 19. Rae1 O-O-O 20. b4 Rf7 21. a4 a6 22. Qg2 Rdf8
23. f5 gxf5 24. gxf5 Rg8 25. Kh1 h5 26. fxe6 Rxf1+ 27. Qxf1 Qxe6 28. Qf5 Qxf5 29.
Nxf5 Rf8 30. Nd6+ Kb8 31. e6 Nxe6 32. Rxe6 Rf2 33. Be1 Ra2 34. Bg3 Rxa4 35. Re8+
 1-0

[Event "Polofinale MCR juniorek 2024"]
[Site "Hotel Fit Fun, Ryžovište 427, 512 46 Harrachov v Krkonoších"]
[Date "2024.11.12"]
[Round "5"]
[Board "6"]
[White "Hosová, Sandra"]
[Black "Cinková, Vicky"]
[Result "1-0"]
[WhiteElo "1854"]
[BlackElo "1703"]
[PlyCount "0"]
[EventDate "2024.11.09"]
[EventRounds "9"]
[EventCountry "CZE"]

1. d4 c5 2. e3 Nf6 3. Nf3 Nc6 4. Nbd2 b6 5. Bd3 g6 6. b3 Bg7 7. Bb2 Bb7 8. O-O Qc7
9. a3 cxd4 10. Nxd4 Nxd4 11. exd4 O-O 12. c4 h5 13. h3 g5 14. Be2 Qf4 15. Nf3 g4
16. Bc1 Qd6 17. Ng5 gxh3 18. Nxh3 h4 19. Bf4 Qc6 20. d5 Qc8 21. Bg5 Nxd5 22. cxd5
Bxa1 23. Qxa1 f6 24. Bh6 Rf7 25. Qd4 Rh7 26. Qg4+ Kh8 27. Qxh4  1-0

[Event "Polofinale MCR juniorek 2024"]
[Site "Hotel Fit Fun, Ryžovište 427, 512 46 Harrachov v Krkonoších"]
[Date "2024.11.12"]
[Round "5"]
[Board "7"]
[White "Šedá, Michaela"]
[Black "Dorazilová, Kristýna"]
[Result "1/2-1/2"]
[WhiteElo "1886"]
[BlackElo "1764"]
[PlyCount "68"]
[EventDate "2024.11.09"]
[EventRounds "9"]
[EventCountry "CZE"]

1. e4 e5 2. Nf3 Nf6 3. Nc3 Bb4 4. Bc4 d6 5. d3 O-O 6. Bg5 h6 7. Bh4 Bg4 8. h3 Bh5
9. g4 Bg6 10. a3 Bxc3+ 11. bxc3 Nbd7 12. g5 hxg5 13. Bxg5 c6 14. Nh4 Bh5 15. Qd2
Nb6 16. Bb3 d5 17. exd5 cxd5 18. O-O Kh7 19. Rae1 Re8 20. d4 e4 21. Qf4 Qb8 22. Qf5+
Bg6 23. Nxg6 fxg6 24. Qf4 Qxf4 25. Bxf4 Rac8 26. Bd2 a5 27. Kh2 Nh5 28. Re3 Rf8 29.
f3 Rc6 30. Ba2 Rcf6 31. Kg2 Nf4+ 32. Kg3 Nh5+ 33. Kg2 Nf4+ 34. Kg3 Nh5+  1/2-1/2

[Event "Polofinale MCR juniorek 2024"]
[Site "Hotel Fit Fun, Ryžovište 427, 512 46 Harrachov v Krkonoších"]
[Date "2024.11.12"]
[Round "5"]
[Board "8"]
[White "Herynková, Barbora"]
[Black "Dudková, Josefína"]
[Result "1/2-1/2"]
[WhiteElo "1654"]
[BlackElo "1751"]
[PlyCount "96"]
[EventDate "2024.11.09"]
[EventRounds "9"]
[EventCountry "CZE"]

1. d4 Nf6 2. c4 e6 3. Nf3 d5 4. Nc3 Be7 5. Bg5 O-O 6. e3 b6 7. cxd5 Nxd5 8. Bxe7
Qxe7 9. Nxd5 exd5 10. Bd3 c5 11. O-O Bb7 12. Rc1 h6 13. Bb1 Nd7 14. Qd3 f5 15. Rfe1
g5 16. b3 g4 17. Nd2 Qg5 18. Nf1 Rf7 19. Qe2 Re8 20. f4 gxf3 21. Qxf3 Ref8 22. Qg3
Qxg3 23. Nxg3 Ba6 24. Nh5 Rc8 25. Nf4 Bb7 26. Rc2 Nf6 27. Rec1 Ne4 28. g3 Rfc7 29.
Kg2 Kf7 30. Kf3 c4 31. g4 fxg4+ 32. Kxg4 Rg8+ 33. Kf3 b5 34. Rg2 Rxg2 35. Nxg2 Nd2+
36. Ke2 Nxb1 37. Rxb1 cxb3 38. axb3 Rc2+ 39. Kf3 Kf6 40. h4 Ke7 41. Ne1 Rc3 42. b4
Ra3 43. Nc2 Ra2 44. Ne1 a5 45. bxa5 Rxa5 46. Nd3 Kd6 47. Nb4 Ra8 48. Kg4 Re8  1/2-1/2

[Event "Polofinale MCR juniorek 2024"]
[Site "Hotel Fit Fun, Ryžovište 427, 512 46 Harrachov v Krkonoších"]
[Date "2024.11.12"]
[Round "5"]
[Board "9"]
[White "Mácová, Markéta"]
[Black "Nesporá, Tatána"]
[Result "0-1"]
[WhiteElo "1586"]
[BlackElo "1730"]
[PlyCount "108"]
[EventDate "2024.11.09"]
[EventRounds "9"]
[EventCountry "CZE"]

1. e4 c5 2. Nf3 Nc6 3. d4 cxd4 4. Nxd4 Nf6 5. Nc3 e5 6. Ndb5 d6 7. Bg5 a6 8. Na3
b5 9. Bxf6 gxf6 10. Nd5 f5 11. Bxb5 axb5 12. Nxb5 Ra4 13. Nbc7+ Kd7 14. b4 Ra7 15.
Qh5 Ne7 16. Nb5 Rb7 17. Nbc3 Nxd5 18. Nxd5 Ke8 19. exf5 Rg8 20. O-O Rg5 21. Qe2 Bxf5
22. c3 Bh3 23. Ne3 Rg6 24. Kh1 Be6 25. a4 Qh4 26. Qf3 e4 27. g3 Qxh2+ 28. Kxh2 exf3
29. Rh1 f5 30. a5 f4 31. Nf1 Bc4 32. a6 Ra7 33. Nd2 Rxa6 34. Rxa6 fxg3+ 35. fxg3
Rh6+ 36. Kg1 Rxh1+ 37. Kxh1 Bxa6 38. Nxf3 Bg7 39. Nd4 Bxd4 40. cxd4 Ke7 41. Kg2 Ke6
42. Kf3 Kd5 43. Ke3 h5 44. Kf4 Kxd4 45. Kg5 Be2 46. Kf5 Bg4+ 47. Kf4 Kc4 48. Ke4
d5+ 49. Ke3 Kc3 50. b5 d4+ 51. Ke4 d3 52. b6 Bc8 53. Ke3 d2 54. Ke2 Kc2  0-1

[Event "Polofinale MCR juniorek 2024"]
[Site "Hotel Fit Fun, Ryžovište 427, 512 46 Harrachov v Krkonoších"]
[Date "2024.11.12"]
[Round "5"]
[Board "10"]
[White "Kavanová, Anežka"]
[Black "Semová, Lada"]
[Result "0-1"]
[WhiteElo "1710"]
[BlackElo "1643"]
[PlyCount "82"]
[EventDate "2024.11.09"]
[EventRounds "9"]
[EventCountry "CZE"]

1. e4 e5 2. Nf3 Nc6 3. Bb5 d6 4. d4 exd4 5. Nxd4 Bd7 6. Nc3 g6 7. O-O Bg7 8. Nce2
Nge7 9. f4 f5 10. Bc4 Qc8 11. exf5 Nxf5 12. Nxf5 Bxf5 13. Qd5 Qd7 14. Ng3 Bxc2 15.
f5 Rf8 16. Bg5 Bxf5 17. Nxf5 gxf5 18. Rae1+ Be5 19. Bh6 Ke7 20. Bxf8+ Rxf8 21. Bb5
a6 22. Bc4 b5 23. Bb3 Kd8 24. Qd2 Qg7 25. Bd5 Nb8 26. Re2 Nd7 27. Be6 f4 28. Bxd7
Kxd7 29. Rf3 Re8 30. Kh1 Qf7 31. b3 Qf5 32. g3 Qg4 33. Qd3 fxg3 34. Rf7+ Re7 35.
Rxe7+ Kxe7 36. Rxe5+ dxe5 37. Qxh7+ Kd6 38. Qd3+ Ke6 39. hxg3 e4 40. Qd4 Qf3+ 41.
Kh2 e3  0-1

[Event "Polofinale MCR juniorek 2024"]
[Site "Hotel Fit Fun, Ryžovište 427, 512 46 Harrachov v Krkonoších"]
[Date "2024.11.12"]
[Round "5"]
[Board "11"]
[White "Bártová, Hana"]
[Black "Štávová, Helena"]
[Result "1/2-1/2"]
[WhiteElo "1648"]
[BlackElo "1652"]
[PlyCount "69"]
[EventDate "2024.11.09"]
[EventRounds "9"]
[EventCountry "CZE"]

1. e4 e5 2. Nf3 Nf6 3. Nxe5 d6 4. Nf3 Nxe4 5. Nc3 Nf6 6. d4 d5 7. Be3 Bb4 8. a3 Bd6
9. Qd2 O-O 10. O-O-O c6 11. h3 Bf5 12. g4 Ne4 13. Nxe4 Bxe4 14. Be2 b5 15. Rhg1 a5
16. Ng5 Bg6 17. f4 h6 18. Nf3 Qb6 19. h4 b4 20. a4 b3 21. c3 Bc2 22. h5 Na6 23. Rdf1
Nb4 24. Qe1 Na2+ 25. Kd2 Bb4 26. Qf2 Rfb8 27. g5 Bxc3+ 28. bxc3 b2 29. Bd3 Bxd3 30.
Kxd3 Qa6+ 31. Kd2 Qc4 32. gxh6 Qxc3+ 33. Ke2 Qc4+ 34. Kd2 Qc3+ 35. Ke2  1/2-1/2

[Event "Polofinale MCR juniorek 2024"]
[Site "Hotel Fit Fun, Ryžovište 427, 512 46 Harrachov v Krkonoších"]
[Date "2024.11.12"]
[Round "5"]
[Board "12"]
[White "Štávová, Markéta"]
[Black "Martinkovicová, Nela"]
[Result "1-0"]
[WhiteElo "1633"]
[BlackElo "1537"]
[PlyCount "89"]
[EventDate "2024.11.09"]
[EventRounds "9"]
[EventCountry "CZE"]

1. e4 e5 2. Nf3 Nf6 3. Nxe5 d6 4. Nf3 Nxe4 5. Bd3 Qe7 6. Qe2 d5 7. O-O Nf6 8. Qd1
Qd8 9. Re1+ Be7 10. h3 O-O 11. c3 Nc6 12. Bc2 Re8 13. d4 Bd6 14. Bg5 h6 15. Bh4 Rxe1+
16. Qxe1 Be6 17. Nbd2 Kh8 18. Qe3 Be7 19. Qd3 g6 20. Qe3 Ng8 21. Bg3 Bf6 22. Bxg6
fxg6 23. Qxe6 Nce7 24. Re1 Kg7 25. Ne5 Qe8 26. Nd7 Rc8 27. Nxf6 Nxf6 28. Qxe7+ Qxe7
29. Rxe7+ Kf8 30. Rxc7 Rxc7 31. Bxc7 Ke8 32. Be5 Nd7 33. g4 Kf7 34. Kg2 Nb6 35. b3
a6 36. c4 Ke6 37. f4 h5 38. Kf3 Nd7 39. c5 Kf7 40. b4 Ke6 41. Nb3 b6 42. cxb6 Nxb6
43. Nc5+ Kf7 44. Nxa6 Ke6 45. Nc5+  1-0

[Event "Polofinale MCR juniorek 2024"]
[Site "Hotel Fit Fun, Ryžovište 427, 512 46 Harrachov v Krkonoších"]
[Date "2024.11.13"]
[Round "6"]
[Board "1"]
[White "Pejrimovská, Viola Ruby"]
[Black "Zádrapová, Amálie"]
[Result "1-0"]
[WhiteElo "1850"]
[BlackElo "1882"]
[PlyCount "0"]
[EventDate "2024.11.09"]
[EventRounds "9"]
[EventCountry "CZE"]

1. e4 c5 2. c4 Nc6 3. Nc3 g6 4. g3 Bg7 5. Bg2 d6 6. Nge2 e6 7. O-O Nge7 8. d3 O-O
9. Be3 Nd4 10. Rb1 Nec6 11. a3 a5 12. f4 Bd7 13. g4 f5 14. Ng3 Kh8 15. Kh1 Qe7 16.
gxf5 gxf5 17. exf5 exf5 18. Nd5 Qh4 19. Bf2 Qg4 20. Qxg4 fxg4 21. Nh5 Bf5 22. Be4
Nf3 23. Bxf3 gxf3 24. Nxg7 Kxg7 25. Rbd1 Bh3 26. Rfe1 Rae8 27. Nc7 Rxe1+ 28. Rxe1
Kf7 29. Nb5 Rd8 30. Bh4 Rd7 31. Re3 Bg2+ 32. Kg1 d5 33. cxd5 Rxd5 34. Kf2 Rd7 35.
f5 Nd4 36. Nxd4 cxd4 37. Re4 Bh1 38. Re1 Bg2 39. Rc1 b6 40. a4 Bh3 41. Rc6 Bg4 42.
Kg3 f2 43. Kxf2 Bd1 44. Rxb6 Rc7 45. Bd8 Rc5 46. f6 Rf5+ 47. Kg3 Bxa4 48. Rd6 Bd1
49. Rxd4 Bh5 50. Rd6 Rb5 51. Rd7+ Kg8 52. Rg7+ Kf8 53. Rxh7 Bg6 54. Re7 Rxb2 55.
Bxa5 Rb3 56. Kf4 Rxd3 57. Bb4 Rd4+ 58. Re4+  1-0

[Event "Polofinale MCR juniorek 2024"]
[Site "Hotel Fit Fun, Ryžovište 427, 512 46 Harrachov v Krkonoších"]
[Date "2024.11.13"]
[Round "6"]
[Board "2"]
[White "Sikorová, Jana"]
[Black "Štastná, Martina"]
[Result "0-1"]
[WhiteElo "1885"]
[BlackElo "1948"]
[PlyCount "0"]
[EventDate "2024.11.09"]
[EventRounds "9"]
[EventCountry "CZE"]

1. d4 d5 2. c4 e6 3. Nf3 Nf6 4. Bg5 Be7 5. Nc3 O-O 6. e3 Nbd7 7. Bd3 b6 8. cxd5 exd5
9. O-O Bb7 10. Rc1 Ne4 11. Bxe7 Qxe7 12. Qc2 c5 13. dxc5 Ndxc5 14. Be2 Rac8 15. Qb1
d4 16. exd4 Nxc3 17. Rxc3 Qxe2 18. dxc5 Bxf3 19. Rxf3 Rxc5 20. Rc1 Rxc1+ 21. Qxc1
Rd8 22. h3 Rd1+ 23. Qxd1 Qxd1+ 24. Kh2 g6 25. b3 Qd6+  0-1

[Event "Polofinale MCR juniorek 2024"]
[Site "Hotel Fit Fun, Ryžovište 427, 512 46 Harrachov v Krkonoších"]
[Date "2024.11.13"]
[Round "6"]
[Board "3"]
[White "Brezíková, Beáta"]
[Black "Markina, Sofiia"]
[Result "0-1"]
[WhiteElo "1757"]
[BlackElo "1834"]
[PlyCount "0"]
[EventDate "2024.11.09"]
[EventRounds "9"]
[EventCountry "CZE"]

1. e4 c6 2. Nc3 d5 3. Nf3 Bg4 4. h3 Bxf3 5. Qxf3 e6 6. d3 Nd7 7. Qg3 Ne7 8. Be2 Ng6
9. O-O Be7 10. Bd2 O-O 11. Rab1 Nc5 12. exd5 exd5 13. d4 Ne6 14. Qd3 Bd6 15. Bg4
f5 16. Bf3 Ngf4 17. Bxf4 Nxf4 18. Qd1 Qg5 19. Kh1 Nxh3 20. g3 Rf6 21. Ne2 Re8 22.
Kg2 Rxe2 23. Bxe2 f4 24. Rh1 Nxf2 25. Kxf2 Qxg3+ 26. Kf1 f3 27. Bd3 Qg2+ 28. Ke1
Bg3#  0-1

[Event "Polofinale MCR juniorek 2024"]
[Site "Hotel Fit Fun, Ryžovište 427, 512 46 Harrachov v Krkonoších"]
[Date "2024.11.13"]
[Round "6"]
[Board "4"]
[White "Buchtová, Viktorie"]
[Black "Hosová, Sandra"]
[Result "1-0"]
[WhiteElo "1791"]
[BlackElo "1854"]
[PlyCount "0"]
[EventDate "2024.11.09"]
[EventRounds "9"]
[EventCountry "CZE"]

1. e4 e5 2. Nf3 Nc6 3. Bb5 f5 4. d3 fxe4 5. dxe4 Nf6 6. Nbd2 Bc5 7. Bxc6 bxc6 8.
Nxe5 Qe7 9. Nd3 Nxe4 10. O-O d5 11. Nxe4  1-0

[Event "Polofinale MCR juniorek 2024"]
[Site "Hotel Fit Fun, Ryžovište 427, 512 46 Harrachov v Krkonoších"]
[Date "2024.11.13"]
[Round "6"]
[Board "5"]
[White "Šulcová, Tereza Radmila"]
[Black "Nesporá, Tatána"]
[Result "1-0"]
[WhiteElo "1879"]
[BlackElo "1730"]
[PlyCount "0"]
[EventDate "2024.11.09"]
[EventRounds "9"]
[EventCountry "CZE"]

1. f4 d6 2. Nf3 Nc6 3. d3 Bd7 4. g3 Nf6 5. Bg2 e5 6. O-O g6 7. Qe1 Bg7 8. e4 Qe7
9. a4 Nh5 10. Nc3 Nb4 11. Qf2 a6 12. fxe5 dxe5 13. Be3 a5 14. Bc5 Qd8 15. Nxe5 Nf6
16. Nxf7 Kxf7 17. e5 b6 18. exf6 Bh6 19. Bxb4 axb4 20. Bxa8 Qxa8 21. Ne4 Re8 22.
Qd4 Bc6 23. Qc4+ Kf8 24. Qxb4+ Kf7 25. Rae1 Qd8 26. Ng5+ Bxg5 27. Re7+  1-0

[Event "Polofinale MCR juniorek 2024"]
[Site "Hotel Fit Fun, Ryžovište 427, 512 46 Harrachov v Krkonoších"]
[Date "2024.11.13"]
[Round "6"]
[Board "6"]
[White "Dudová, Pavlína"]
[Black "Cinková, Vicky"]
[Result "1/2-1/2"]
[WhiteElo "1823"]
[BlackElo "1703"]
[PlyCount "0"]
[EventDate "2024.11.09"]
[EventRounds "9"]
[EventCountry "CZE"]

1. e4 e6 2. d4 d5 3. e5 c5 4. c3 Qb6 5. Nf3 Bd7 6. Bd3 Bb5 7. O-O Bxd3 8. Qxd3 Nc6
9. Na3 cxd4 10. cxd4 a6 11. Nc2 Nge7 12. b3 Ng6 13. Be3 Be7 14. Nd2 O-O 15. f4 Nh4
16. Nf3 Nf5 17. Bf2 Rac8 18. Rac1 Rc7 19. a3 Rfc8 20. b4 Qa7 21. Qd2 b5 22. Na1 a5
23. Rb1 axb4 24. axb4 Nb8 25. Rb2 Rc4 26. Nc2 Nc6 27. g4 Nh6 28. h3 Qa4 29. Ne3 Rxb4
30. Ra2 Qb3 31. Rfa1 Ra4 32. Rxa4 bxa4 33. Qa2 Qxa2 34. Rxa2 a3 35. Nc2 Rb8 36. Nd2
Rb2 37. Rxb2 axb2 38. Nb1 Na5 39. Be1 Nc4 40. Bc3 f6 41. Kf2 fxe5 42. dxe5 Nf7 43.
Ke2 g5 44. f5 exf5 45. e6 Nfd6 46. gxf5 Nxf5 47. Kd3 Ng3 48. Bb4 Bxb4 49. Nxb4 Nf1
50. Nxd5 Nfd2 51. Kc2 Nxb1 52. Kxb1 Kg7 53. e7 Kf7  1/2-1/2

[Event "Polofinale MCR juniorek 2024"]
[Site "Hotel Fit Fun, Ryžovište 427, 512 46 Harrachov v Krkonoších"]
[Date "2024.11.13"]
[Round "6"]
[Board "7"]
[White "Dorazilová, Kristýna"]
[Black "Dominiková, Denisa"]
[Result "1-0"]
[WhiteElo "1764"]
[BlackElo "1696"]
[PlyCount "75"]
[EventDate "2024.11.09"]
[EventRounds "9"]
[EventCountry "CZE"]

1. e4 e5 2. Nf3 Nc6 3. Bb5 a6 4. Ba4 Nf6 5. Qe2 b5 6. Bb3 Be7 7. a4 b4 8. d4 Bd6
9. dxe5 Bxe5 10. Nxe5 Nxe5 11. f4 Nc6 12. e5 Ng8 13. Qg4 g6 14. Be3 Nge7 15. Nd2
Nf5 16. Qf3 O-O 17. Ne4 Nxe3 18. Qxe3 Bb7 19. Nf6+ Kg7 20. Qh3 Rh8 21. Qxd7 Qxd7
22. Nxd7 Nd4 23. O-O Nxb3 24. cxb3 Bd5 25. Nc5 a5 26. Rfd1 c6 27. Rd3 Ra7 28. Kf2
Re8 29. Re1 Rae7 30. Ne4 Rc8 31. Nf6 Be6 32. Red1 c5 33. Rd8 Rxd8 34. Rxd8 Bxb3 35.
Rg8+ Kh6 36. g4 Rxe5 37. fxe5 Kg5 38. Kg3  1-0

[Event "Polofinale MCR juniorek 2024"]
[Site "Hotel Fit Fun, Ryžovište 427, 512 46 Harrachov v Krkonoších"]
[Date "2024.11.13"]
[Round "6"]
[Board "8"]
[White "Semová, Lada"]
[Black "Bártová, Hana"]
[Result "0-1"]
[WhiteElo "1643"]
[BlackElo "1648"]
[PlyCount "38"]
[EventDate "2024.11.09"]
[EventRounds "9"]
[EventCountry "CZE"]

1. e4 e6 2. d4 d5 3. exd5 exd5 4. Bd3 c5 5. dxc5 Bxc5 6. Qe2+ Ne7 7. Nf3 O-O 8. O-O
Nbc6 9. Be3 d4 10. Bg5 f6 11. Bh4 Kh8 12. c3 dxc3 13. Nxc3 Re8 14. Qc2 Nb4 15. Qa4
Nxd3 16. Rad1 Bf5 17. Qb5 Qb6 18. Qc4 Nxb2 19. Qf7 Bg6  0-1

[Event "Polofinale MCR juniorek 2024"]
[Site "Hotel Fit Fun, Ryžovište 427, 512 46 Harrachov v Krkonoších"]
[Date "2024.11.13"]
[Round "6"]
[Board "9"]
[White "Herynková, Barbora"]
[Black "Šedá, Michaela"]
[Result "0-1"]
[WhiteElo "1654"]
[BlackElo "1886"]
[PlyCount "82"]
[EventDate "2024.11.09"]
[EventRounds "9"]
[EventCountry "CZE"]

1. d4 d5 2. c4 e6 3. Nc3 Nf6 4. cxd5 Nxd5 5. e4 Nf6 6. Bd3 Nc6 7. Nf3 Be7 8. O-O
O-O 9. Re1 b6 10. Bg5 Bb7 11. a3 Re8 12. Bc2 h6 13. Bh4 Nh7 14. Bg3 Ng5 15. Nxg5
Bxg5 16. Qd3 Nxd4 17. Rad1 c5 18. Qc4 Qe7 19. Bb1 a6 20. e5 Red8 21. b4 cxb4 22.
Rxd4 bxc3 23. Qxc3 Rac8 24. Qd3 g6 25. Rd1 Rxd4 26. Qxd4 Qc7 27. h4 Be7 28. Qe3 Bc5
29. Qf4 Qc6 30. Qf3 Qxf3 31. gxf3 Bxa3 32. Kg2 Bd5 33. Rd3 Be7 34. Rd2 b5 35. Bd3
Bc4 36. Be4 a5 37. Rd7 Kf8 38. Bf4 g5 39. hxg5 hxg5 40. Bd2 Rd8 41. Rxd8+ Bxd8  0-1

[Event "Polofinale MCR juniorek 2024"]
[Site "Hotel Fit Fun, Ryžovište 427, 512 46 Harrachov v Krkonoších"]
[Date "2024.11.13"]
[Round "6"]
[Board "10"]
[White "Dudková, Josefína"]
[Black "Štávová, Markéta"]
[Result "1-0"]
[WhiteElo "1751"]
[BlackElo "1633"]
[PlyCount "59"]
[EventDate "2024.11.09"]
[EventRounds "9"]
[EventCountry "CZE"]

1. c4 c5 2. Nc3 e6 3. g3 Nc6 4. Bg2 Nf6 5. Nf3 Be7 6. O-O O-O 7. d4 d6 8. e4 e5
9. d5 Nd4 10. Nxd4 cxd4 11. Ne2 Bg4 12. f4 Qb6 13. Kh1 Rac8 14. b3 Nh5 15. Qd3 Qc7
16. Bf3 Bxf3+ 17. Qxf3 Nf6 18. f5 h6 19. g4 Nh7 20. g5 Bxg5 21. Bxg5 Nxg5 22. Qg2
f6 23. h4 Nf7 24. Rg1 Nh8 25. Ng3 Qe7 26. Nh5 Rf7 27. Qd2 Kh7 28. Rg3 Rg8 29. Rag1
Qc7 30. Rxg7+  1-0

[Event "Polofinale MCR juniorek 2024"]
[Site "Hotel Fit Fun, Ryžovište 427, 512 46 Harrachov v Krkonoších"]
[Date "2024.11.13"]
[Round "6"]
[Board "11"]
[White "Štávová, Helena"]
[Black "Mácová, Markéta"]
[Result "1-0"]
[WhiteElo "1652"]
[BlackElo "1586"]
[PlyCount "65"]
[EventDate "2024.11.09"]
[EventRounds "9"]
[EventCountry "CZE"]

1. e4 c5 2. Nf3 d6 3. Bb5+ Bd7 4. Bxd7+ Qxd7 5. c4 g6 6. d4 cxd4 7. Nxd4 Bg7 8.
Be3 Nf6 9. f3 Nc6 10. Nc3 O-O 11. O-O Ne5 12. b3 Rac8 13. Rc1 a6 14. Qd2 Rfd8 15.
h3 Rc7 16. f4 Nc6 17. Rfd1 Nxd4 18. Bxd4 Qc6 19. Qe3 Rcd7 20. e5 dxe5 21. fxe5 Ne8
22. Nd5 Qe6 23. Re1 Nc7 24. Nxc7 Rxc7 25. Bb6 Rcd7 26. Bxd8 Rxd8 27. Rc2 Qc6 28.
Kh1 e6 29. Rd2 Rc8 30. Red1 Bf8 31. Rd7 h5 32. Qf4 Rc7 33. Qxf7+  1-0

[Event "Polofinale MCR juniorek 2024"]
[Site "Hotel Fit Fun, Ryžovište 427, 512 46 Harrachov v Krkonoších"]
[Date "2024.11.13"]
[Round "6"]
[Board "12"]
[White "Martinkovicová, Nela"]
[Black "Kavanová, Anežka"]
[Result "0-1"]
[WhiteElo "1537"]
[BlackElo "1710"]
[PlyCount "60"]
[EventDate "2024.11.09"]
[EventRounds "9"]
[EventCountry "CZE"]

1. e4 c5 2. Nf3 d6 3. d4 cxd4 4. Nxd4 Nf6 5. Nc3 g6 6. Be3 Bg7 7. f3 O-O 8. Qd2 Nc6
9. O-O-O d5 10. Qe1 e5 11. Nxc6 bxc6 12. exd5 Nxd5 13. Bc4 Be6 14. Ne4 Qc7 15. g4
Nxe3 16. Qxe3 Bxc4 17. h4 Bd5 18. Nc3 Rab8 19. h5 e4 20. Nxd5 Bxb2+ 21. Kd2 cxd5
22. hxg6 fxg6 23. Qh6 Bc3+ 24. Ke2 Rxf3 25. Rxd5 Qc4+ 26. Rd3 exd3+ 27. Kxf3 Rf8+
28. Kg2 Qe4+ 29. Kg3 Be5+ 30. Kh4 Qxh1+  0-1